[Event "HUN-chT2 Asztalos 1516"]
[Site "Hungary"]
[Date "2016.04.03"]
[Round "10.1"]
[White "Pribek, Laszlo"]
[Black "Horvath, Miklos"]
[Result "1/2-1/2"]
[WhiteElo "2137"]
[BlackElo "2172"]
[PlyCount "71"]
[EventDate "2015.09.13"]
[EventType "team-tourn"]
[EventRounds "11"]
[EventCountry "HUN"]
[SourceTitle "EXT 2017"]
[Source "ChessBase"]
[SourceDate "2016.10.25"]
[SourceVersion "1"]
[SourceVersionDate "2016.10.25"]
[SourceQuality "1"]
[WhiteTeam "Pet"]
[BlackTeam "Fehervar"]
[WhiteTeamCountry "HUN"]
[BlackTeamCountry "HUN"]

1. e4 e5 2. Nf3 Nc6 3. d4 exd4 4. Nxd4 Bc5 5. Nb3 Bb6 6. Qe2 d6 7. Be3 Nf6 8. Nc3 Qe7 9. f3 Be6 10. 0-0-0 h6 11. Kb1 0-0-0 12. Bxb6 axb6 13. Nd5 Bxd5 14. exd5 Qxe2 15. Bxe2 Ne5 16. Rhe1 Rde8 17. c4 Ng6 18. Bf1 Re5 19. Rxe5 Nxe5 20. Nd4 g6 21. Re1 Re8 22. g3 Kd8 23. b3 Ned7 24. Rxe8+ Kxe8 25. Kc2 Ke7 26. Bh3 Nh7 27. Bxd7 Kxd7 28. Ne2 Ng5 29. Ng1 Ke7 30. Kd3 f5 31. Ke3 Nf7 32. Ne2 Ne5 33. h3 Nd7 34. Nd4 Nf6 35. g4 fxg4 36. hxg4 1/2-1/2

[Event "HUN-chT2 Asztalos 1516"]
[Site "Hungary"]
[Date "2015.10.04"]
[Round "2.1"]
[White "Kele, Karoly"]
[Black "Pribek, Laszlo"]
[Result "1/2-1/2"]
[WhiteElo "2086"]
[BlackElo "2134"]
[PlyCount "110"]
[EventDate "2015.09.13"]
[EventType "team-tourn"]
[EventRounds "11"]
[EventCountry "HUN"]
[SourceTitle "CBM 170 Extra"]
[Source "ChessBase"]
[SourceDate "2016.02.25"]
[SourceVersion "1"]
[SourceVersionDate "2016.02.25"]
[SourceQuality "1"]
[WhiteTeam "Pecs Karmin"]
[BlackTeam "Pet"]
[WhiteTeamCountry "HUN"]
[BlackTeamCountry "HUN"]

1. e4 e5 2. Nf3 Nc6 3. Bb5 Nf6 4. 0-0 Nxe4 5. d4 Nd6 6. Bxc6 dxc6 7. dxe5 Ne4 8. Qxd8+ Kxd8 9. Ng5 Nxg5 10. Bxg5+ Ke8 11. Nd2 Bf5 12. c3 b6 13. h3 h5 14. Rfe1 Be7 15. Be3 g5 16. Nf3 g4 17. Nd4 Bd7 18. hxg4 hxg4 19. Bf4 c5 20. e6 cxd4 21. exd7+ Kxd7 22. Bxc7 Bf6 23. Be5 Bxe5 24. Rxe5 dxc3 25. Rd1+ Kc6 26. bxc3 Rh7 27. Kf1 Rh1+ 28. Ke2 Rxd1 29. Kxd1 Rd8+ 30. Kc2 Rd5 31. Re4 f5 32. Re7 Ra5 33. Kb3 Kd6 34. Re2 Re5 35. Rd2+ Ke6 36. g3 Rd5 37. Re2+ Re5 38. Rd2 Rd5 39. Re2+ Re5 40. Rd2 Re1 41. Kc4 a6 42. Rb2 Re4+ 43. Kd3 b5 44. Rb4 Re5 45. Rb2 Kd5 46. a4 Kc5 47. axb5 axb5 48. Rb4 Re1 49. Rf4 Re5 50. f3 Rd5+ 51. Kc2 gxf3 52. Rxf3 b4 53. cxb4+ Kxb4 54. Rf4+ Kc5 55. g4 fxg4 1/2-1/2

[Event "HUN-chT2 Asztalos 1415"]
[Site "Hungary"]
[Date "2014.11.16"]
[Round "2"]
[White "Kele, Karoly"]
[Black "Pribek, Laszlo"]
[Result "0-1"]
[WhiteElo "2121"]
[BlackElo "2153"]
[PlyCount "92"]
[EventDate "2014.10.12"]
[EventType "team-tourn"]
[EventRounds "9"]
[EventCountry "HUN"]
[SourceTitle "EXT 2016"]
[Source "ChessBase"]
[SourceDate "2015.10.08"]
[SourceVersion "1"]
[SourceVersionDate "2015.10.08"]
[SourceQuality "1"]
[WhiteTeam "Pecs Karmin"]
[BlackTeam "Peti MTE"]
[WhiteTeamCountry "HUN"]
[BlackTeamCountry "HUN"]

1. e4 e5 2. Nf3 Nc6 3. Bb5 Nf6 4. 0-0 Nxe4 5. d4 Nd6 6. Bxc6 dxc6 7. dxe5 Nf5 8. Qxd8+ Kxd8 9. Rd1+ Ke8 10. Nc3 h6 11. b3 Bd7 12. Bb2 Be7 13. Ne2 h5 14. Rd2 Rd8 15. Rad1 Rh6 16. Ned4 c5 17. Nxf5 Bxf5 18. Rxd8+ Bxd8 19. c4 Ra6 20. Ra1 g5 21. h3 Re6 22. Bc3 g4 23. hxg4 hxg4 24. Nd2 Bg5 25. Re1 f6 26. Ne4 Bxe4 27. Rxe4 f5 28. Re2 Kf7 29. g3 Re7 30. Bd2 Bxd2 31. Rxd2 Rxe5 32. Rd7+ Re7 33. Rd5 Kf6 34. Rxc5 c6 35. Ra5 a6 36. Kf1 Re5 37. Ra4 Re4 38. Ra5 Ke6 39. f3 Re5 40. Ra4 Re3 41. fxg4 fxg4 42. Kf2 Rf3+ 43. Kg2 Rc3 44. Kf2 c5 45. Ra5 Kd6 46. Kg2 Kc6 0-1

[Event "Budapest Art Pub Cup 3rd"]
[Site "Budapest"]
[Date "2014.01.05"]
[Round "7"]
[White "Bodi, Tibor"]
[Black "Pribek, Laszlo"]
[Result "1-0"]
[WhiteElo "2105"]
[BlackElo "2167"]
[PlyCount "141"]
[EventDate "2014.01.02"]
[EventType "swiss"]
[EventRounds "7"]
[EventCountry "HUN"]
[SourceTitle "CBM 158 Extra"]
[Source "ChessBase"]
[SourceDate "2014.02.28"]
[SourceVersion "1"]
[SourceVersionDate "2014.02.28"]
[SourceQuality "1"]

1. e4 e6 2. d4 d5 3. Nd2 dxe4 4. Nxe4 Nd7 5. Nf3 Ngf6 6. Bd3 Nxe4 7. Bxe4 Nf6 8. Bd3 c5 9. 0-0 cxd4 10. Nxd4 Be7 11. Bf4 0-0 12. Nf3 b6 13. Qe2 Bb7 14. Rfd1 Qc8 15. Ne5 Nd5 16. Bd2 a5 17. Qh5 f5 18. c4 Nf6 19. Qe2 Bd6 20. Bc3 Qc7 21. Re1 Be4 22. f4 Rad8 23. Bxe4 Nxe4 24. Bd4 Bb4 25. Red1 Rxd4 26. Rxd4 Bc5 27. Rad1 Rd8 28. Qe3 Rxd4 29. Rxd4 Qd6 30. Nf3 g5 31. Kf1 Bxd4 32. Qxd4 Qxd4 33. Nxd4 Nd2+ 34. Ke2 Nxc4 35. b3 Nd6 36. Nxe6 g4 37. Kd3 Kf7 38. Ng5+ Kg6 39. Kd4 h6 40. Ne6 Ne4 41. Ke5 Nf2 42. Nf8+ Kf7 43. Nd7 Kg6 44. Ke6 g3 45. hxg3 Ne4 46. Nxb6 Nxg3 47. Nc4 Kh5 48. Ne3 Kg6 49. a3 Ne2 50. Ke5 Nc1 51. Nxf5 Nd3+ 52. Ke4 Nc5+ 53. Kd5 Nxb3 54. Ne3 Kf6 55. Kc4 Nc1 56. g4 Ne2 57. f5 Ke5 58. Kd3 Nf4+ 59. Kd2 h5 60. g5 a4 61. g6 Kf6 62. Kc3 h4 63. Kd4 Ne2+ 64. Ke4 h3 65. Ng4+ Kg7 66. Ke3 Nc3 67. Kf4 Nb5 68. Kg5 h2 69. f6+ Kh8 70. g7+ Kh7 71. Nh6 1-0

[Event "HUN-chT2 Breyer 1213"]
[Site "Hungary"]
[Date "2012.09.16"]
[Round "1.1"]
[White "Kulmany, Istvan Mihaly"]
[Black "Pribek, Laszlo"]
[Result "0-1"]
[WhiteElo "2084"]
[BlackElo "2174"]
[PlyCount "62"]
[EventDate "2012.09.16"]
[EventType "team-tourn"]
[EventRounds "11"]
[EventCountry "HUN"]
[SourceTitle "EXT 2014"]
[Source "ChessBase"]
[SourceDate "2013.11.20"]
[SourceVersion "1"]
[SourceVersionDate "2013.11.20"]
[SourceQuality "1"]
[WhiteTeam "Szechenyi"]
[BlackTeam "MAV Elore"]
[WhiteTeamCountry "HUN"]
[BlackTeamCountry "HUN"]

1. d4 Nf6 2. c4 e6 3. Nc3 d5 4. Nf3 dxc4 5. e4 a6 6. e5 Nd5 7. Bxc4 Nb6 8. Bd3 c5 9. Bg5 Qc7 10. Rc1 Nc6 11. 0-0 Bd7 12. dxc5 Bxc5 13. Ne4 Bf8 14. Qb3 h6 15. Bf4 Nd5 16. Bg3 Qb6 17. Qxb6 Nxb6 18. Nc5 Bxc5 19. Rxc5 Na4 20. Rc2 Nb4 21. Rd2 Nxd3 22. Rxd3 Bb5 23. Rd4 Bxf1 24. Kxf1 Nc5 25. b4 Nd7 26. Nd2 Nb6 27. Ne4 0-0 28. Nd6 Nd5 29. a3 b5 30. Ke2 Ra7 31. Ne4 Rc8 0-1

[Event "HUN-chT2 Breyer 1112"]
[Site "Hungary"]
[Date "2012.01.29"]
[Round "5.3"]
[White "Zila, Laszlo"]
[Black "Pribek, Laszlo"]
[Result "1/2-1/2"]
[WhiteElo "2279"]
[BlackElo "2166"]
[PlyCount "64"]
[EventDate "2011.09.25"]
[EventType "team-tourn"]
[EventRounds "11"]
[EventCountry "HUN"]
[SourceTitle "EXT 2013"]
[Source "ChessBase"]
[SourceDate "2012.11.22"]
[SourceVersion "1"]
[SourceVersionDate "2012.11.22"]
[SourceQuality "1"]
[WhiteTeam "Husi"]
[BlackTeam "MAV Elore"]
[WhiteTeamCountry "HUN"]
[BlackTeamCountry "HUN"]

1. e4 e6 2. d4 d5 3. Nc3 dxe4 4. Nxe4 Nf6 5. Nxf6+ Qxf6 6. Nf3 h6 7. Bd3 Bd6 8. 0-0 0-0 9. Qe2 Qe7 10. Ne5 Nd7 11. Nxd7 Qxd7 12. b3 c6 13. Bb2 b5 14. Rae1 Bb7 15. Qe4 g6 16. Qh4 Rfe8 17. Qxh6 Bf8 18. Qh4 Bg7 19. Re3 c5 20. Rh3 b4 21. Bc1 Qxd4 22. Qh7+ Kf8 23. Rh4 Qd6 24. Bh6 Bxh6 25. Qxh6+ Ke7 26. Qg5+ Kd7 27. Rh7 Re7 28. Be2 Bd5 29. Rd1 Kc6 30. Qf6 Rf8 31. c4 bxc3 32. Qxc3 Kb7 1/2-1/2

[Event "HUN-chT2 Asztalos 1011"]
[Site "Hungary"]
[Date "2010.09.26"]
[Round "2.3"]
[White "Molnar, Szabolcs"]
[Black "Pribek, Laszlo"]
[Result "1/2-1/2"]
[WhiteElo "1996"]
[BlackElo "2146"]
[PlyCount "92"]
[EventDate "2010.09.12"]
[EventType "team-tourn"]
[EventRounds "11"]
[EventCountry "HUN"]
[SourceTitle "EXT 2012"]
[Source "ChessBase"]
[SourceDate "2011.11.24"]
[SourceVersion "1"]
[SourceVersionDate "2011.11.24"]
[SourceQuality "1"]
[WhiteTeam "Dombovar"]
[BlackTeam "Szekesfehervar"]
[WhiteTeamCountry "HUN"]
[BlackTeamCountry "HUN"]

1. e4 e6 2. d4 d5 3. Nc3 Nf6 4. e5 Nfd7 5. f4 c5 6. Nf3 Nc6 7. Be3 cxd4 8. Nxd4 Bc5 9. Be2 a6 10. 0-0 Nxd4 11. Bxd4 Qb6 12. Bxc5 Nxc5 13. Qd4 Nd7 14. Qxb6 Nxb6 15. Rad1 Bd7 16. Rd4 0-0-0 17. Rfd1 Bc6 18. b3 Rhe8 19. Bg4 Kc7 20. Ne2 Nd7 21. c4 dxc4 22. Rxc4 Nb6 23. Rcd4 Nd5 24. Bf3 Nb4 25. Bxc6 Nxc6 26. Rxd8 Rxd8 27. Rxd8 Kxd8 28. a3 f6 29. exf6 gxf6 30. Kf2 Ke7 31. Ke3 Na5 32. Nc1 f5 33. Kd4 Kd6 34. b4 Nc6+ 35. Ke3 Kd5 36. Nd3 b6 37. Nb2 b5 38. h3 h5 39. g3 Nd4 40. Kd3 e5 41. fxe5 Kxe5 42. Nd1 Ne6 43. Nf2 f4 44. g4 hxg4 45. Nxg4+ Kf5 46. Nf2 Ke5 1/2-1/2

[Event "HUN-chT2 Asztalos 0506"]
[Site "Hungary"]
[Date "2006.02.12"]
[Round "7"]
[White "Pribek, Laszlo"]
[Black "Mihalecz, Attila"]
[Result "1/2-1/2"]
[WhiteElo "2145"]
[BlackElo "2117"]
[PlyCount "116"]
[EventDate "2005.10.16"]
[EventType "team"]
[EventRounds "11"]
[EventCountry "HUN"]
[SourceTitle "EXT 2009"]
[Source "ChessBase"]
[SourceDate "2008.11.26"]
[SourceVersion "1"]
[SourceVersionDate "2008.11.26"]
[SourceQuality "1"]
[WhiteTeam "MAV Elore"]
[BlackTeam "Koppany"]
[WhiteTeamCountry "HUN"]
[BlackTeamCountry "HUN"]

1. e4 d6 2. d4 Nf6 3. Nc3 Nbd7 4. Be3 c6 5. f3 Qb6 6. Qc1 g6 7. e5 Nd5 8. Nxd5 cxd5 9. f4 dxe5 10. fxe5 Bg7 11. Nf3 f6 12. exf6 Nxf6 13. Ne5 Ng4 14. Nxg4 Bxg4 15. c3 0-0 16. h3 Bd7 17. Qd2 Bb5 18. Bxb5 Qxb5 19. Qe2 Qxe2+ 20. Kxe2 Rf6 21. Rae1 Rb6 22. Bc1 e5 23. dxe5 Bxe5 24. Kd3 Bf6 25. Re2 Rd8 26. Bf4 Ra6 27. b3 b5 28. Rc1 Rc6 29. Rcc2 Rdc8 30. Be5 Bxe5 31. Rxe5 b4 32. Rxd5 Rxc3+ 33. Rxc3 Rxc3+ 34. Ke2 Rc2+ 35. Rd2 Rc7 36. Rd5 Rc2+ 37. Rd2 Rc7 38. Rd4 Rc2+ 39. Kf3 a5 40. g4 Rxa2 41. Kf4 Ra3 42. Rd3 a4 43. Rd8+ Kf7 44. bxa4 Rxa4 45. Rd4 Ra3 46. Rxb4 Rxh3 47. Rb7+ Ke6 48. Rb6+ Kd5 49. Rb7 Kc6 50. Ra7 Rh1 51. Rg7 Kd5 52. Ra7 h6 53. Ra5+ Kd4 54. Ra4+ Kd3 55. Ra6 g5+ 56. Kg3 Ke3 57. Re6+ Kd4 58. Ra6 Ke5 1/2-1/2